| 000 | 00615nac a22001691u 4500 | ||
|---|---|---|---|
| 020 | _a9774245776 | ||
| 082 | 0 | 0 |
_a297.4 _bS448 |
| 090 |
_c2582 _d2582 |
||
| 100 | _aSedgwick, Mark J. | ||
| 245 | 1 | 0 |
_aSufism : _bthe essentials / _cMark J. Sedgwick. |
| 260 |
_aCairo : _bAmerican University in Cairo Press,2000. _c2000 |
||
| 300 |
_a126 p. ; _c21 cm. |
||
| 504 | _aIncludes bibliographical references p.126. | ||
| 650 | 0 | _aSufism. | |
| 942 |
_cBB _k297.4 S448 |
||
| 999 |
_c2582 _d2582 |
||